| 000 | 00701nam a2200217 a 4500 | ||
|---|---|---|---|
| 999 |
_c4379 _d4379 |
||
| 001 | 4379 | ||
| 003 | BD-JhCC | ||
| 005 | 20171129102407.0 | ||
| 008 | 171126s2003 b ||||| |||| 00| 0 b d | ||
| 020 | _a9840743422 | ||
| 035 | _a(BD-JhCC) | ||
| 040 |
_aBD-JhCC _dBD-JhCC |
||
| 041 | _aben | ||
| 082 |
_a891.4409 _bRAH 2003 |
||
| 100 | _aরহমান, সাঈদ-উর | ||
| 245 |
_aবাংলাদেশের পঁচিশ বছরের সাহিত্য (১৯৭২-৯৭) / _cসাঈদ-উর রহমান |
||
| 260 |
_aঢাকা : _bবাংলা একডেমী, _c২০০৩ |
||
| 300 |
_a116 p. : _c22cm. |
||
| 650 | _aBengali Litrature | ||
| 942 |
_2ddc _cBK |
||